[Event "TUR-ch U13-U18 Girls"]
[Site "Antalya"]
[Date "2020.01.20"]
[Round "3"]
[White "Kara, Gulce Nehir"]
[Black "Nural, Polen"]
[Result "1-0"]
[WhiteElo "1876"]
[BlackElo "1331"]
[PlyCount "79"]
[EventDate "2020.01.19"]
[EventType "swiss"]
[EventRounds "11"]
[EventCountry "TUR"]
[SourceTitle "CBM 195 Extra"]
[Source "ChessBase"]
[SourceDate "2020.05.31"]
[SourceVersion "1"]
[SourceVersionDate "2020.05.31"]
[SourceQuality "1"]

1. e4 c5 2. Nf3 d6 3. d4 cxd4 4. Nxd4 Nf6 5. Nc3 e6 6. Be3 a6 7. f3 b5 8. g4 Bb7 9. Qd2 Nc6 10. 0-0-0 Qc7 11. Kb1 b4 12. Nce2 d5 13. g5 Nxd4 14. Bxd4 Nd7 15. exd5 Bxd5 16. Bg2 Bc6 17. Ng3 0-0-0 18. Qf2 Bb7 19. f4 Bxg2 20. Qxg2 Qb7 21. Qe2 Rg8 22. Qh5 Bd6 23. Qxf7 Rdf8 24. Qxe6 Bxf4 25. Nf5 Kb8 26. Bxg7 Nc5 27. Qd5 Rc8 28. Be5+ Bxe5 29. Qxe5+ Qc7 30. Qxc7+ Rxc7 31. h4 Ne4 32. Rd4 Re8 33. Rxb4+ Ka7 34. Rd4 Rc5 35. Nh6 Ng3 36. Rhd1 Re2 37. Rd7+ Kb6 38. c3 Rb5 39. R1d6+ Ka5 40. b4+ 1-0

[Event "TUR-chT 2nd League"]
[Site "Konya"]
[Date "2019.07.27"]
[Round "8.15"]
[White "Nural, Polen"]
[Black "Izi, Betul Cemre"]
[Result "1-0"]
[WhiteElo "1309"]
[BlackElo "1164"]
[PlyCount "51"]
[EventDate "2019.07.22"]
[EventType "team-swiss"]
[EventRounds "9"]
[EventCountry "TUR"]
[SourceTitle "CBM 191 Extra"]
[Source "ChessBase"]
[SourceDate "2019.09.30"]
[SourceVersion "1"]
[SourceVersionDate "2019.09.30"]
[SourceQuality "1"]
[WhiteTeam "Mardin Kale"]
[BlackTeam "Seviye Dernegi"]
[WhiteTeamCountry "TUR"]
[BlackTeamCountry "TUR"]

1. e4 e6 2. d4 d5 3. Nd2 Nf6 4. e5 Nfd7 5. Bd3 c5 6. c3 Nc6 7. Ne2 Be7 8. 0-0 0-0 9. f4 Qb6 10. Nf3 cxd4 11. cxd4 f6 12. Kh1 f5 13. a3 Qc7 14. Be3 Nb6 15. b3 Bd7 16. Qe1 Kf7 17. Nc3 a6 18. Ng5+ Bxg5 19. fxg5 Rh8 20. Rc1 Qd8 21. Ne2 Qg8 22. Nf4 g6 23. Be2 Ke7 24. Qc3 Qf8 25. Qc5+ Kf7 26. Qxb6 1-0

[Event "TUR-chT 2nd League"]
[Site "Konya"]
[Date "2019.07.25"]
[Round "6.12"]
[White "Nural, Polen"]
[Black "Yassibag, Ipek Asli"]
[Result "0-1"]
[WhiteElo "1309"]
[BlackElo "1778"]
[PlyCount "76"]
[EventDate "2019.07.22"]
[EventType "team-swiss"]
[EventRounds "9"]
[EventCountry "TUR"]
[SourceTitle "CBM 191 Extra"]
[Source "ChessBase"]
[SourceDate "2019.09.30"]
[SourceVersion "1"]
[SourceVersionDate "2019.09.30"]
[SourceQuality "1"]
[WhiteTeam "Mardin Kale"]
[BlackTeam "Ceylanpinar Genclik"]
[WhiteTeamCountry "TUR"]
[BlackTeamCountry "TUR"]

1. d4 c5 2. c3 e6 3. Nf3 Nf6 4. Bf4 d5 5. e3 Nc6 6. Bd3 Bd6 7. Bg3 c4 8. Bc2 b5 9. b3 b4 10. bxc4 dxc4 11. 0-0 Bxg3 12. hxg3 a5 13. Nbd2 bxc3 14. Nxc4 Ba6 15. Ba4 Rc8 16. Nce5 Bxf1 17. Nxc6 Qb6 18. Rb1 Be2 19. Na7+ Ke7 20. Nxc8+ Rxc8 21. Rxb6 Bxd1 22. Rb7+ Kf8 23. Bxd1 c2 24. Bxc2 Rxc2 25. Ne5 Ke8 26. Rxf7 Rc1+ 27. Kh2 Ng4+ 28. Nxg4 Kxf7 29. Ne5+ Ke8 30. Nd3 Ra1 31. Kh3 Rxa2 32. Kg4 Rd2 33. Nc5 Rxf2 34. Nxe6 a4 35. Nc5 a3 36. Nb3 Rb2 37. Nc1 a2 38. Nxa2 Rxa2 0-1

[Event "TUR-chT 2nd League"]
[Site "Konya"]
[Date "2019.07.24"]
[Round "4.14"]
[White "Kayis, Merve"]
[Black "Nural, Polen"]
[Result "1/2-1/2"]
[WhiteElo "1186"]
[BlackElo "1309"]
[PlyCount "67"]
[EventDate "2019.07.22"]
[EventType "team-swiss"]
[EventRounds "9"]
[EventCountry "TUR"]
[SourceTitle "CBM 191 Extra"]
[Source "ChessBase"]
[SourceDate "2019.09.30"]
[SourceVersion "1"]
[SourceVersionDate "2019.09.30"]
[SourceQuality "1"]
[WhiteTeam "Gulbahcesi Egitim"]
[BlackTeam "Mardin Kale"]
[WhiteTeamCountry "TUR"]
[BlackTeamCountry "TUR"]

1. d4 d5 2. c4 e6 3. Nc3 Nf6 4. Bg5 Be7 5. Nf3 0-0 6. e3 Nbd7 7. cxd5 exd5 8. Bd3 b6 9. 0-0 Bb7 10. Rc1 Ne4 11. Bxe7 Qxe7 12. Qe2 a6 13. Nd2 f5 14. Bb1 Rac8 15. Rfe1 Ndf6 16. h3 Kh8 17. Nf1 Qf7 18. Qf3 Qg6 19. Ne2 Nh5 20. Nf4 Nxf4 21. Qxf4 Qf7 22. Bxe4 fxe4 23. Qxf7 Rxf7 24. Nh2 c5 25. dxc5 bxc5 26. Rc3 a5 27. Rec1 Rfc7 28. Ra3 Ra8 29. Rac3 Rac8 30. Ra3 Ra8 31. Rac3 Rac8 32. Ra3 Ra8 33. Rac3 c4 34. Nf1 1/2-1/2

[Event "TUR-chT 2nd League"]
[Site "Konya"]
[Date "2019.07.23"]
[Round "3.12"]
[White "Nural, Polen"]
[Black "Eroltu, Ceylan"]
[Result "1/2-1/2"]
[WhiteElo "1309"]
[BlackElo "1313"]
[PlyCount "97"]
[EventDate "2019.07.22"]
[EventType "team-swiss"]
[EventRounds "9"]
[EventCountry "TUR"]
[SourceTitle "CBM 191 Extra"]
[Source "ChessBase"]
[SourceDate "2019.09.30"]
[SourceVersion "1"]
[SourceVersionDate "2019.09.30"]
[SourceQuality "1"]
[WhiteTeam "Mardin Kale"]
[BlackTeam "Corum Belediye"]
[WhiteTeamCountry "TUR"]
[BlackTeamCountry "TUR"]

1. e4 e5 2. Nf3 Nc6 3. Bb5 a6 4. Ba4 Nf6 5. 0-0 Be7 6. Re1 b5 7. Bb3 0-0 8. c3 d6 9. d4 Bg4 10. d5 Nb8 11. Nbd2 Nbd7 12. Nf1 Nc5 13. Bc2 Re8 14. h3 Bc8 15. Ng3 g6 16. Bg5 Bb7 17. b3 Nxd5 18. Bxe7 Nxe7 19. Qd2 Ne6 20. Qh6 Kh8 21. Rad1 Ng8 22. Qe3 Qe7 23. Kh2 Kg7 24. h4 Nh6 25. Kg1 Ng4 26. Qd2 Red8 27. h5 Nf4 28. hxg6 hxg6 29. Ne2 Nxe2+ 30. Qxe2 Rh8 31. Qd3 Rad8 32. c4 bxc4 33. Qxc4 c5 34. b4 Rc8 35. Bb3 Rhf8 36. a4 Nf6 37. b5 axb5 38. axb5 Rcd8 39. b6 Nd7 40. Qb5 Rb8 41. Nd2 Rh8 42. Nc4 Qh4 43. Kf1 Qg4 44. Kg1 Qh4 45. Kf1 Qg4 46. Kg1 Qh4 47. Kf1 Qg4 48. Kg1 Qh4 49. Kf1 1/2-1/2

[Event "TUR-chT 2nd League"]
[Site "Konya"]
[Date "2019.07.23"]
[Round "2.8"]
[White "Tepeli, Sugra"]
[Black "Nural, Polen"]
[Result "1-0"]
[WhiteElo "1430"]
[BlackElo "1309"]
[PlyCount "73"]
[EventDate "2019.07.22"]
[EventType "team-swiss"]
[EventRounds "9"]
[EventCountry "TUR"]
[SourceTitle "CBM 191 Extra"]
[Source "ChessBase"]
[SourceDate "2019.09.30"]
[SourceVersion "1"]
[SourceVersionDate "2019.09.30"]
[SourceQuality "1"]
[WhiteTeam "Cesme Belediye"]
[BlackTeam "Mardin Kale"]
[WhiteTeamCountry "TUR"]
[BlackTeamCountry "TUR"]

1. e4 c5 2. Nf3 d6 3. d4 cxd4 4. Nxd4 Nf6 5. Nc3 e6 6. Be3 a6 7. Qd2 b5 8. a3 Bb7 9. f3 Nbd7 10. g4 Nb6 11. h4 Rc8 12. Qf2 Nfd7 13. Bd3 Be7 14. 0-0-0 Nc4 15. Bxc4 Rxc4 16. Nb3 Rc8 17. Bd4 Rg8 18. Kb1 Qc7 19. Rhf1 Ne5 20. Bb6 Qb8 21. Bd4 Nc4 22. f4 Bc6 23. e5 Bd7 24. exd6 Bxd6 25. Ne4 Be7 26. Nec5 Bc6 27. Nxa6 Qa8 28. Nac5 Nd6 29. Be5 Nc4 30. Bd4 Nd6 31. f5 exf5 32. gxf5 f6 33. Rfe1 Bd7 34. Nxd7 Kxd7 35. Rxe7+ Kxe7 36. Bxf6+ Kxf6 37. Rxd6+ 1-0